000 nam a22 7a 4500
999 _c49109
_d49109
003 OSt
005 20190927173535.0
008 190927b xxu||||| |||| 00| 0 eng d
040 _cIIMT COLLEGE OF BJMC GREATER NOIDA
100 _aCHRISTIC, AGATHA
245 _aMURDER ON THE ORIENT EXPRESS
260 _aLONDON
_bHARPER
_c2017
300 _a304
942 _2ddc
_c02